<?xml version="1.0" encoding="UTF-8"?>
<record
    xmlns:xsi="http://www.w3.org/2001/XMLSchema-instance"
    xsi:schemaLocation="http://www.loc.gov/MARC21/slim http://www.loc.gov/standards/marcxml/schema/MARC21slim.xsd"
    xmlns="http://www.loc.gov/MARC21/slim">

  <leader>02197cam a2200289   4500500</leader>
  <controlfield tag="005">20260405002842.0</controlfield>
  <datafield tag="041" ind1=" " ind2=" ">
    <subfield code="a">fre</subfield>
  </datafield>
  <datafield tag="042" ind1=" " ind2=" ">
    <subfield code="a">dc</subfield>
  </datafield>
  <datafield tag="100" ind1="1" ind2="0">
    <subfield code="a">Verschueren, Pierre</subfield>
    <subfield code="e">author</subfield>
  </datafield>
  <datafield tag="245" ind1="0" ind2="0">
    <subfield code="a">Swords to plowshares</subfield>
  </datafield>
  <datafield tag="260" ind1=" " ind2=" ">
    <subfield code="c">2026.
							</subfield>
  </datafield>
  <datafield tag="500" ind1=" " ind2=" ">
    <subfield code="a">16</subfield>
  </datafield>
  <datafield tag="520" ind1=" " ind2=" ">
    <subfield code="a">Cr&#xE9;&#xE9; en&#xA0;1947, le programme Fulbright est l&#x2019;un des principaux moteurs de la mont&#xE9;e en puissance des programmes internationaux d&#x2019;&#xE9;change apr&#xE8;s la Seconde Guerre mondiale. En s&#x2019;appuyant sur les archives de celui-ci, cet article entend mettre en valeur les transformations des objectifs assign&#xE9;s aux mobilit&#xE9;s &#xE9;tudiantes et universitaires dans un contexte de guerre froide, les difficult&#xE9;s pratiques qui fa&#xE7;onnent la massification de l&#x2019;internationalisation du savoir, les sp&#xE9;cificit&#xE9;s des dispositifs bureaucratiques de tri et de hi&#xE9;rarchisation que cette internationalisation met en &#x153;uvre, et la complexit&#xE9; de l&#x2019;articulation entre les objectifs des &#xC9;tats-Unis et ceux des pays concern&#xE9;s.</subfield>
  </datafield>
  <datafield tag="520" ind1=" " ind2=" ">
    <subfield code="a">Founded in 1947, the Fulbright Program was instrumental to the growth of international exchange programs following World War II. Drawing on the Fulbright archives, this article highlights transformations in the objectives of student and academic mobility during the Cold War. It also explores the practical difficulties that shaped the popular internationalization of knowledge, the specificities of the bureaucratic sorting and ranking mechanisms implemented during this period, and the complex relationship between the objectives of the United States and those of the other countries involved.</subfield>
  </datafield>
  <datafield tag="690" ind1=" " ind2=" ">
    <subfield code="a">diplomatie culturelle</subfield>
  </datafield>
  <datafield tag="690" ind1=" " ind2=" ">
    <subfield code="a">disciplines universitaires</subfield>
  </datafield>
  <datafield tag="690" ind1=" " ind2=" ">
    <subfield code="a">&#xE9;changes universitaires</subfield>
  </datafield>
  <datafield tag="690" ind1=" " ind2=" ">
    <subfield code="a">politique universitaire.</subfield>
  </datafield>
  <datafield tag="690" ind1=" " ind2=" ">
    <subfield code="a">relations franco-am&#xE9;ricaines</subfield>
  </datafield>
  <datafield tag="690" ind1=" " ind2=" ">
    <subfield code="a">academic disciplines</subfield>
  </datafield>
  <datafield tag="690" ind1=" " ind2=" ">
    <subfield code="a">academic exchanges</subfield>
  </datafield>
  <datafield tag="690" ind1=" " ind2=" ">
    <subfield code="a">cultural diplomacy</subfield>
  </datafield>
  <datafield tag="690" ind1=" " ind2=" ">
    <subfield code="a">Franco-American relations</subfield>
  </datafield>
  <datafield tag="690" ind1=" " ind2=" ">
    <subfield code="a">university policy.</subfield>
  </datafield>
  <datafield tag="786" ind1="0" ind2=" ">
    <subfield code="n">20 &amp;amp; 21. Revue d'histoire | 168 | 4 | 2026-03-23 | p. 107-125 | 2649-664X</subfield>
  </datafield>
  <datafield tag="856" ind1="4" ind2="1">
    <subfield code="u">https://shs.cairn.info/revue-20-21-revue-dhistoire-2025-4-page-107?lang=fr&amp;redirect-ssocas=7080</subfield>
  </datafield>
  <datafield tag="999" ind1=" " ind2=" ">
    <subfield code="c">2061734</subfield>
    <subfield code="d">2061734</subfield>
  </datafield>
</record>
